| 000 | 00852nam a22002897a 4500 | ||
|---|---|---|---|
| 001 | 5144 | ||
| 003 | FISKH | ||
| 005 | 20241107141020.0 | ||
| 008 | 241107b cb ||||| |||| 00| 0 eng d | ||
| 020 | _a9780545165341 | ||
| 040 |
_aFISKH _beng _cFISKH _dFISKH |
||
| 082 | _a372.4 | ||
| 100 |
_aEvans, Lynette _d(1943-2017) |
||
| 245 |
_aA rainy day / _cby Lynette Evans Photography by Jennifer and Brian Lupton |
||
| 250 | _a2009 | ||
| 260 |
_aNew York : _bScholastic, _c2009. |
||
| 300 |
_a12 pages : _bColor illustrations ; _c23 cm |
||
| 505 | _aE | ||
| 520 | _a"Who came to school on a rainy day?"--Page 4 of cover. | ||
| 521 | 8 |
_a160L
_bLexile |
|
| 521 | 8 |
_aE
_bRaz-Plus |
|
| 650 |
_2Environment _aFiction |
||
| 650 |
_2Weather _aLevel D |
||
| 700 |
_aJennifer and Lupton, Brian _dIllustrator |
||
| 942 |
_2ddc _cBK _n0 |
||
| 999 |
_c5144 _d5144 |
||